[Event "Floripa Chess Open 2024"]
[Site "Florianopolis"]
[Date "2024.01.28"]
[Round "10.141"]
[White "Mauro, Roberto Da Silva"]
[Black "Baratieri, Maria Vitoria"]
[Result "1-0"]
[WhiteElo "1562"]
[BlackElo "1152"]
[PlyCount "91"]
[EventDate "2024.01.20"]
[EventRounds "10"]
[EventCountry "BRA"]

1. d4 d5 2. c4 c6 3. Nc3 Nf6 4. Nf3 dxc4 5. a4 Bf5 6. Bg5 Ne4 7. e3 ({RR} 7.
Nxe4 Bxe4 8. e3 Bxf3 {0-1 (8) Gervais,V (2250)-Kargin,A (2285) Witley 1998})
7... Nxg5 $146 ({RR} 7... Qa5 8. Bxc4 Nxc3 9. bxc3 Qxc3+ 10. Nd2 e6 11. Rc1 Qa5
12. O-O Bb4 13. e4 Bg6 14. d5 exd5 15. exd5 O-O {1/2-1/2 (15) Forissier,N 
(2000)-Criton,R (1988) Montigny le Bretonneux 2008}) ({RR} 7... Qa5 8. Bxc4
Nxc3 9. bxc3 Qxc3+ 10. Nd2 e6 11. O-O Nd7 12. e4 Bg6 13. d5 cxd5 14. exd5 e5
15. Bb5 f6 16. Qg4 f5 17. Qe2 Qc7 18. Rac1 Bc5 19. Rxc5 Qxc5 20. Qxe5+ Kf8 21.
Bxd7 h6 22. Bh4 {Marzo Pie,X (1978)-Mestre Bellido,H (2290) Barcelona 2017 1-0
(33)}) ({RR} 7... Qa5 8. Qc1 e6 9. Bf4 Bb4 10. Nd2 Nxc3 11. bxc3 Bxc3 12. Ra2
Nd7 13. Bxc4 Nb6 14. Bb3 Bd3 15. Bc2 Bc4 16. Ra3 Qb4 17. Rxc3 Qxc3 18. Qb1
O-O-O 19. Kd1 Nd5 20. Ne4 Qa3 21. Bd6 Rxd6 22. Nxd6+ {Rakocevic,Z (2146)
-Rajcevic,S (2146) Belgrade 2005 0-1}) ({RR} 7... Qa5 8. Bxc4 Nxc3 9. bxc3
Qxc3+ 10. Nd2 e6 11. Rc1 Qa5 12. O-O Bg6 13. Qb3 Qb4 14. Bxe6 Qxb3 15. Bxb3 Bb4
16. e4 O-O 17. f3 Nd7 18. d5 Ne5 19. Nc4 Nd3 20. Rcd1 cxd5 21. Rxd3 dxc4 22.
Bxc4 {Nyback,T-Vehkalahti,V Finland 1998 0-1 (64)}) 8. Nxg5 e6 9. Nf3 Bb4 10.
Bxc4 Be4 11. O-O Bd5 12. Bxd5 cxd5 13. Qb3 a5 14. Ne5 Nd7 15. Nd3 Bxc3 16. bxc3
b6 17. Nb2 O-O 18. c4 Nf6 19. c5 bxc5 20. dxc5 Rb8 21. Qc2 Qc7 22. Nd3 Rfc8 23.
Rab1 Ng4 24. g3 Ne5 25. Nxe5 Qxe5 26. Rb5 Qc7 27. Rfb1 e5 28. Qd2 Qd8 29. Rxb8
Rxb8 30. Rxb8 Qxb8 31. Qxd5 Kf8 32. c6 Qc7 33. Kf1 Ke7 34. Ke2 h6 35. e4 Kf8
36. Kd3 Ke7 37. Kc4 f6 38. Kb5 h5 39. Qc5+ Ke8 40. Qb6 Qc8 41. Qb7 Qe6 42. Kxa5
Qd6 43. c7 Qc5+ 44. Qb5+ Qxb5+ 45. Kxb5 Kd7 46. Kb6 1-0

[Event "Floripa Chess Open 2024"]
[Site "Florianopolis"]
[Date "2024.01.28"]
[Round "10.142"]
[White "Gomes, Genildo De Souza"]
[Black "Cunha, Paola De Oliveira"]
[Result "1-0"]
[WhiteElo "1560"]
[BlackElo "1151"]
[PlyCount "145"]
[EventDate "2024.01.20"]
[EventRounds "10"]
[EventCountry "BRA"]

1. d4 Nf6 2. Bf4 g6 3. Nd2 Bg7 4. e4 d6 5. Ngf3 Nbd7 6. Bd3 O-O 7. O-O Re8 8.
h3 e5 9. dxe5 dxe5 10. Be3 b6 $146 ({RR} 10... Nh5 11. Bc4 Nf8 12. Ng5 Re7 13.
Nb3 Qe8 14. a4 h6 15. Nf3 Ne6 16. Nc5 Nhf4 17. Qd2 Kh7 18. Nxe6 Nxe6 19. Qb4
Nd4 20. Nxd4 exd4 21. Bf4 Rxe4 22. Bxc7 Qc6 23. Bg3 f5 24. Bd3 Re6 25. Bb5 {
Roubalik,J (2400)-Caletka,R (2382) Czech Republic 2016 1-0 (41)}) 11. Nh2 Bb7
12. f3 Nc5 13. Bc4 Ba6 14. Qe2 Bxc4 15. Qxc4 a5 16. Rfd1 Qe7 17. Nb3 Qe6 18.
Qb5 Nxb3 19. axb3 Red8 20. Nf1 Qe8 21. Qc4 Rac8 22. Qe2 Qc6 23. Rd2 Rxd2 24.
Qxd2 Qd7 25. b4 Qxd2 26. Bxd2 axb4 27. Bxb4 Nh5 28. g3 c5 29. Bd2 Rd8 30. Ra6
Nxg3 31. Be1 Ne2+ 32. Kf2 Nd4 33. c3 Ne6 34. Rxb6 Bh6 35. Ne3 Nf4 36. Ng4 Nd3+
37. Ke2 Bg5 38. Nf6+ Kg7 39. Nd5 Nf4+ 40. Nxf4 Bxf4 41. c4 Rc8 42. Bf2 Bg5 43.
Bg3 Bf6 44. Kd3 Rd8+ 45. Ke2 Rd4 46. b3 Rd7 47. Rb5 Rc7 48. f4 exf4 49. Bxf4
Rc8 50. Kf3 Bd4 51. Be3 f6 52. Rb7+ Kg8 53. Bxd4 cxd4 54. Ke2 Rd8 55. Kd3 h5
56. c5 Kf8 57. b4 Ke8 58. c6 Rc8 59. b5 Kd8 60. Rg7 Rc7 61. Rxc7 Kxc7 62. Kxd4
g5 63. Ke3 Kb6 64. Kd4 Kc7 65. e5 fxe5+ 66. Kxe5 g4 67. hxg4 hxg4 68. Kf4 Kb6
69. Kxg4 Kc7 70. Kf5 Kd8 71. Ke6 Ke8 72. b6 Kd8 73. Kd6 1-0

[Event "Floripa Chess Open 2024"]
[Site "Florianopolis"]
[Date "2024.01.28"]
[Round "10.143"]
[White "Kerr, Lennon"]
[Black "Orsini, Cesar Oliveira"]
[Result "0-1"]
[WhiteElo "1557"]
[BlackElo "1151"]
[PlyCount "65"]
[EventDate "2024.01.20"]
[EventRounds "10"]
[EventCountry "BRA"]

1. e4 c5 2. d4 cxd4 3. c3 Nf6 4. e5 Nd5 5. Qxd4 e6 6. Nf3 Nc6 7. Qd1 ({RR} 7.
Qg4 d6 8. exd6 Qxd6 9. Qg3 h6 10. Qxd6 Bxd6 11. Nbd2 b6 12. Bb5 Bd7 13. Ne4 Be7
14. O-O O-O-O 15. Bc4 Nc7 16. Re1 f6 17. Ng3 g5 18. Be3 Na5 19. Bf1 {1/2-1/2 
(19) Mirzoev,A (2559)-Hernandez Carmenates,H (2573) Pamplona 2009}) 7... d6 8.
Bb5 ({RR} 8. c4 Nb6 9. exd6 Qxd6 10. Bd2 Be7 11. Nc3 O-O 12. Be2 Rd8 13. O-O e5
14. Bg5 Qg6 15. Qc1 Bxg5 16. Qxg5 Qxg5 17. Nxg5 Bf5 18. Rfd1 Nd4 19. b3 Nxe2+
20. Nxe2 h6 21. Nf3 f6 22. Nc3 Bc2 {Yilmaz,G (1552)-Saglamer,A (1509) Konya
TUR 2019 1-0 (51)}) 8... Be7 9. c4 $146 ({RR} 9. Bxc6+ bxc6 10. Qa4 O-O 11. O-O
Qc7 12. exd6 Bxd6 13. Nbd2 Bb7 14. Ne4 Nb6 15. Qd4 Rad8 16. Nxd6 Qxd6 17. Qg4
f6 18. Be3 e5 19. Nh4 Bc8 20. Qh5 Qe6 21. h3 Qf7 22. Qf3 Nd5 23. Bc5 Rfe8 {
Palmer,R-Marshall,M Kingston 1998 1-0 (59)}) 9... Nb6 10. Bf4 dxe5 11. Qxd8+
Kxd8 12. Nxe5 Nxe5 13. Bxe5 f6 14. Bd4 Kc7 15. Nc3 Rd8 16. Rd1 e5 17. Bxb6+
Kxb6 18. Nd5+ Kc5 19. Nxe7 Rxd1+ 20. Kxd1 Be6 21. Nd5 Bxd5 22. cxd5 Kxb5 23.
Ke2 Rd8 24. Rc1 Kb6 25. Rd1 f5 26. Ke3 Rd7 27. f4 e4 28. Kd4 Rc7 29. Ke5 g6 30.
g4 fxg4 31. Kxe4 Re7+ 32. Kd4 Re2 33. Rc1 0-1

[Event "Floripa Chess Open 2024"]
[Site "Florianopolis"]
[Date "2024.01.28"]
[Round "10.144"]
[White "Moreira, Everaldo Bonifacio"]
[Black "De Oliveira, Lucas Silva"]
[Result "1-0"]
[WhiteElo "1541"]
[BlackElo "1800"]
[PlyCount "71"]
[EventDate "2024.01.20"]
[EventRounds "10"]
[EventCountry "BRA"]

1. c4 e5 2. g3 Nf6 3. Bg2 Nc6 4. Nc3 Bc5 5. Nf3 O-O 6. O-O Re8 7. e4 $146 ({RR
} 7. a3 a5 8. e3 d6 9. d3 Bd7 10. b3 Qc8 11. Ng5 h6 12. Nge4 Nxe4 13. Bxe4 Bh3
14. Re1 Qd7 15. Nd5 Nd8 16. d4 Ba7 17. dxe5 dxe5 18. Bg2 Rc8 19. b4 c6 20. Nc3
Qe6 21. Ne4 Bxg2 {Kholmov,R-Lisitsin,G Leningrad (Russia) 1955 1/2-1/2 (43)}) (
{RR} 7. d3 h6 8. a3 a5 9. e3 d6 10. b3 Bf5 11. Nd5 Be6 12. d4 exd4 13. exd4 Ba7
14. Ne3 d5 15. Bb2 Ne7 16. Qd3 c6 17. Rfe1 Qc7 18. c5 Ne4 19. b4 Ng6 20. Ne5
Nxe5 21. dxe5 b6 {Navara,D (2638)-Sokolov,I (2657) Budva 2009 1/2-1/2}) ({RR} 
7. d3 h6 8. a3 a5 9. b3 d5 10. cxd5 Nxd5 11. Bb2 Nd4 12. Nxd5 Qxd5 13. Nxd4 Qd7
14. Nf3 Bd6 15. d4 e4 16. Ne5 Qb5 17. Qc2 Bxe5 18. dxe5 Bf5 19. Qc4 Qb6 20. Bd4
Qg6 21. e3 c6 {Bango,L (1781)-Suchan,J (1716) Slovakia 2014 1-0 (45)}) ({RR} 7.
e3 Bb4 8. Nd5 Bf8 9. d4 d6 10. Qb3 Ne4 11. Rd1 h6 12. Qc2 exd4 13. Nxd4 Nxd4
14. Rxd4 Nc5 15. b3 c6 16. Nc3 a5 17. Ba3 Qg5 18. Re1 Bf5 19. Qd1 Qg6 20. e4
Bg4 21. f3 Be6 {Benko,P-Keres,P Bled/Zagreb/Belgrade 1959 0-1 (39)}) ({RR} 7.
d3 h6 8. e4 d6 9. a3 a5 10. Bd2 Bg4 11. h3 Bh5 12. g4 Bg6 13. Ne2 h5 14. g5 Nh7
15. Ng3 Nf8 16. h4 Ne6 17. Bh3 Ncd4 18. Nxd4 Nxd4 19. Kh1 c6 20. Nxh5 d5 21.
Ng3 dxc4 {Gabrys,Z-Gawlikowski,S Wroclaw 1960 1/2-1/2 (59)}) 7... a6 8. a3 Nd4
9. b4 Nxf3+ 10. Bxf3 Bd4 11. Bb2 c6 12. Rb1 d6 13. Bg2 Qb6 14. h3 Qd8 15. Qe2
Be6 16. Nd1 Bxb2 17. Nxb2 d5 18. exd5 cxd5 19. c5 Qd7 20. Kh2 Bf5 21. Rbc1 Re6
22. Rfd1 e4 23. Qf1 Rc8 24. d4 Bg4 25. Re1 Bf3 26. Bxf3 exf3 27. Rxe6 Qxe6 28.
Re1 Ne4 29. Re3 Rc6 30. Nd3 Qh6 31. Qd1 f5 32. Qxf3 Ng5 33. Qxd5+ Kf8 34. Qd8+
Kf7 35. Ne5+ Ke6 36. Ng4+ 1-0

[Event "Floripa Chess Open 2024"]
[Site "Florianopolis"]
[Date "2024.01.28"]
[Round "10.146"]
[White "Monteiro, Helen Ramazzotte"]
[Black "Fernandez Pena, Daniel"]
[Result "1-0"]
[WhiteElo "1533"]
[BlackElo "1800"]
[PlyCount "52"]
[EventDate "2024.01.20"]
[EventRounds "10"]
[EventCountry "BRA"]

1. c4 c6 2. Nc3 d5 3. d4 Nf6 4. Nf3 e6 5. g3 Be7 6. Bg2 O-O 7. O-O Nbd7 8. Qc2
dxc4 9. a4 a5 10. e4 Nb6 ({RR} 10... c5 11. d5 exd5 12. exd5 Nb6 13. Rd1 Bd6
14. Bg5 h6 15. Bxf6 Qxf6 16. Ne4 Qd8 17. Nfd2 Re8 18. Nxc4 Nxc4 19. Qxc4 b6 20.
Nxd6 Qxd6 21. Re1 Bd7 22. b3 Re5 23. Rxe5 Qxe5 24. Rd1 Re8 25. Bf1 {Burnett,R 
(2325)-Prabhu,N (1686) Orlando USA 2019 1/2-1/2 (54)}) 11. Rd1 h6 12. h3 $146 (
{RR} 12. Ne2 Ne8 13. Nd2 Nd6 14. e5 Nf5 15. Nxc4 Nd5 16. Bd2 Bd7 17. Be1 Qc7
18. Rac1 Ra7 19. Qe4 Qd8 20. Qg4 b5 21. axb5 cxb5 22. Nd2 Qb6 23. Ne4 Rc8 24.
Rxc8+ Bxc8 25. N4c3 Nxc3 26. Nxc3 b4 {Hlavac,P (2079)-Behul,B (2168) Slovakia
2007 0-1 (59)}) 12... Bb4 13. Ne2 Qe7 14. Ne5 Rd8 15. Be3 Nbd7 16. Nxc4 Re8 17.
f4 Qf8 18. Kh2 Rb8 19. Bd2 Ra8 20. Bxb4 Qxb4 21. Qc3 c5 22. Qxb4 axb4 23. dxc5
Nxc5 24. e5 Nfe4 25. Bxe4 Nxe4 26. Nd6 Nxd6 1-0

[Event "Floripa Chess Open 2024"]
[Site "Florianopolis"]
[Date "2024.01.28"]
[Round "10.147"]
[White "Buffon, Maria Ivy Segalin"]
[Black "Nazario Sebastiao, Mariani"]
[Result "0-1"]
[WhiteElo "1254"]
[BlackElo "1530"]
[PlyCount "104"]
[EventDate "2024.01.20"]
[EventRounds "10"]
[EventCountry "BRA"]

1. e4 c5 2. Nf3 d6 3. c3 Nf6 4. Bd3 e5 5. Bc2 ({RR} 5. O-O Be7 6. Re1 O-O 7.
Bc2 Nc6 8. h3 Re8 9. d4 h6 10. d5 Nb8 11. Nbd2 Nbd7 12. Nf1 Nf8 13. Ng3 Ng6 14.
Be3 Nh7 15. Nf5 Bf6 16. Qd2 Ng5 17. Nh2 Nh7 18. g3 Bg5 19. f4 Bf6 {
Shaposhnikov,E (2537)-Yaksin,O (2322) Kazan 2008 1/2-1/2 (35)}) 5... Be7 ({RR} 
5... d5 6. Ba4+ Nbd7 7. exd5 e4 8. Ne5 Bd6 9. Nc4 Bb8 10. Ne3 O-O 11. Bxd7 Qxd7
12. c4 b5 13. cxb5 Nxd5 14. Nxd5 Qxd5 15. Nc3 Qg5 16. O-O Bh3 17. g3 Qf5 18. f3
Be5 19. Nxe4 Bd4+ 20. Rf2 {Tobak,M (2156)-Galperin,P (2524) Omelnyk UKR 2021
0-1}) 6. d4 cxd4 $146 ({RR} 6... Qc7 7. h3 Nc6 8. d5 Nb8 9. Nbd2 O-O 10. Nf1
Ne8 11. Ne3 g6 12. Ng4 Ng7 13. Nh6+ Kh8 14. h4 f6 15. g4 Bd7 16. h5 g5 17. Nh2
Na6 18. Nf1 b5 19. Ne3 c4 20. Bd2 Nc5 21. b3 {Zagorovsky,V-Cheremisin,F Soviet
Union 1964 1-0 (65)}) ({RR} 6... Qc7 7. dxe5 dxe5 8. Bg5 O-O 9. Nbd2 Be6 10.
Bxf6 Bxf6 11. Qe2 Nd7 12. Bb3 Bxb3 13. axb3 Rfd8 14. O-O Nf8 15. Nc4 Ng6 16.
Ne3 Nf4 17. Qc4 Qc6 18. Ng4 Re8 19. Rfe1 h5 20. Nxf6+ Qxf6 21. g3 {Torre,
E-Ardiansyah,H Nice 1974 1-0 (53)}) ({RR} 6... Qc7 7. h3 a6 8. O-O O-O 9. d5
Nbd7 10. Nbd2 Re8 11. Re1 Bf8 12. Nf1 b5 13. Ng3 g6 14. Bg5 h6 15. Be3 Bg7 16.
Qd2 Kh7 17. Nh2 Rb8 18. b3 a5 19. a3 Nf8 20. Rf1 g5 21. f3 {Merdinjan,A (2325)
-Tavcar,R (2129) Dresden 2000 1-0 (53)}) 7. cxd4 Qc7 8. Nc3 a6 9. O-O h6 10.
Bb3 Nbd7 11. dxe5 dxe5 12. Nd5 Nxd5 13. Qxd5 O-O 14. Be3 Bf6 15. Rac1 Qb8 16.
Bc5 Nxc5 17. Qxc5 Bd7 18. Qc7 Qxc7 19. Rxc7 Bc6 20. Bd5 Bd8 21. Rxc6 bxc6 22.
Bxc6 Rb8 23. Nxe5 Rb6 24. Ba4 Rb4 25. b3 Bc7 26. Nd7 Rd8 27. Nc5 Bb6 28. a3
Rbd4 29. Nxa6 Rxe4 30. Nb4 Re2 31. g3 Rdd2 32. Bb5 Rxf2 33. Rxf2 Bxf2+ 34. Kf1
Bc5 35. h4 Rf2+ 36. Ke1 Rg2 37. Kd1 Rxg3 38. Kc2 Rh3 39. h5 Rxh5 40. Kc3 Rh4
41. Nc2 g5 42. b4 Bb6 43. a4 g4 44. a5 Ba7 45. Bc6 Rh5 46. b5 g3 47. Nd4 Bxd4+
48. Kxd4 Rxb5 49. a6 Ra5 50. a7 Rxa7 51. Ke3 Ra3+ 52. Kf4 Kg7 0-1

[Event "Floripa Chess Open 2024"]
[Site "Florianopolis"]
[Date "2024.01.28"]
[Round "10.148"]
[White "Esteves Neto, Antonio Francisco"]
[Black "Grams, Leon Honke"]
[Result "1/2-1/2"]
[WhiteElo "1800"]
[BlackElo "1513"]
[PlyCount "101"]
[EventDate "2024.01.20"]
[EventRounds "10"]
[EventCountry "BRA"]

1. e4 c5 2. Nf3 d6 3. d4 cxd4 4. Nxd4 Nf6 5. Nc3 a6 6. Bg5 e6 7. Qd2 Be7 8.
O-O-O Nbd7 9. Nb3 ({RR} 9. f4 h6 10. Bh4 Nc5 11. Qe1 g5 12. fxg5 Nh5 13. Bf2
Bxg5+ 14. Kb1 Qe7 15. e5 dxe5 16. Nf5 exf5 17. Nd5 Ne4 18. Nxe7 Bxe7 19. Bh4
Bxh4 20. Qxh4 Nhf6 21. Bd3 Be6 22. g4 fxg4 23. Bxe4 Nxe4 {Velimirovic,D (2500)
-Cebalo,M (2485) Novi Sad 1984 1-0}) 9... Qc7 ({RR} 9... b5 10. a3 Bb7 11. Bd3
h6 12. Bh4 Rc8 13. Rhe1 O-O 14. f4 Nb6 15. h3 Qc7 16. Kb1 Nxe4 17. Nxe4 Bxh4
18. Rf1 Bxe4 19. Bxe4 d5 20. Bd3 Nc4 21. Qe2 Bf6 22. c3 a5 23. Rc1 Qb6 24. Rf3
{Vestby,A (1274)-Kashwan,H (1880) Hell NOR 2019 0-1 (41)}) 10. f4 b5 11. Bd3 b4
$146 ({RR} 11... Bb7 12. a3 Nc5 13. Rhe1 Rc8 14. Nxc5 Qxc5 15. Bxf6 Bxf6 16. e5
dxe5 17. Bxb5+ Kf8 18. Qd7 axb5 19. Qxb7 exf4 20. Rd7 Bxc3 21. Rxf7+ Kg8 22.
bxc3 Qxa3+ 23. Kb1 Qxc3 24. Rxg7+ Qxg7 25. Qxc8+ Qf8 26. Qxe6+ {Pronin,V (2096)
-Lelekova,O (2052) St Petersburg 2001 1-0}) 12. Ne2 a5 13. Nbd4 Bb7 14. Ng3 Qc5
15. Bxf6 Bxf6 16. Bb5 Bxd4 17. Bxd7+ Kxd7 18. Qxd4 Qxd4 19. Rxd4 Ke7 20. Rhd1
Rhd8 21. f5 Rac8 22. R4d2 Rc4 23. e5 d5 24. Rf1 Bc8 25. f6+ gxf6 26. Rxf6 Rh4
27. Rdf2 Rf8 28. h3 Ba6 29. c3 Bd3 30. R2f4 Rxf4 31. Rxf4 Rg8 32. Rf3 Be4 33.
Nxe4 dxe4 34. Re3 bxc3 35. bxc3 Rxg2 36. Rxe4 Rxa2 37. Kd1 a4 38. Kc1 a3 39.
Ra4 Re2 40. Ra7+ Ke8 41. Ra8+ Kd7 42. Rxa3 Rxe5 43. Ra7+ Ke8 44. Ra8+ Ke7 45.
Ra7+ Kf6 46. Kd2 Rh5 47. c4 Rxh3 48. c5 Ke5 49. Rxf7 Kd5 50. Rf6 Kxc5 51. Rxe6
1/2-1/2

[Event "Floripa Chess Open 2024"]
[Site "Florianopolis"]
[Date "2024.01.28"]
[Round "10.149"]
[White "Nobre, Jailson Altair Barb"]
[Black "Kipper, Celso"]
[Result "1-0"]
[WhiteElo "1512"]
[BlackElo "1800"]
[PlyCount "73"]
[EventDate "2024.01.20"]
[EventRounds "10"]
[EventCountry "BRA"]

1. Nf3 Nf6 2. c4 e6 3. g3 Nc6 4. Bg2 d5 5. b3 Be7 6. O-O O-O 7. e3 ({RR} 7. Bb2
Nb4 8. a3 Na6 9. d4 c5 10. cxd5 exd5 11. Nc3 cxd4 12. Nxd4 Nc7 13. Rc1 Ne6 14.
Nf5 Nc7 15. Nxe7+ Qxe7 16. Re1 Be6 17. e4 dxe4 18. Nxe4 Nxe4 19. Bxe4 Nb5 20.
Qh5 h6 21. Qxb5 Rfd8 {Ashcroft,G (1772)-Tandon,R (1472) West Bromwich 2017 1-0}
) 7... Bd7 $146 ({RR} 7... d4 8. d3 e5 9. a3 Bg4 10. Qc2 Re8 11. Re1 Rc8 12. h3
Bh5 13. Bb2 Qd7 14. Nbd2 b6 15. exd4 Nxd4 16. Nxd4 exd4 17. b4 c5 18. b5 Qc7
19. Ne4 Bg6 20. Nxf6+ Bxf6 21. Bc6 Re7 22. Re2 {Denter,V (1481)-Buelter,H 
(1330) Germany 2009 1-0 (54)}) 8. d4 Bd6 9. Bb2 a5 10. a3 Re8 11. Nc3 Na7 12.
c5 Be7 13. Ne5 c6 14. Qc2 Nc8 15. e4 Rf8 16. f4 Be8 17. exd5 exd5 18. Nd1 Nd7
19. Ne3 Nxe5 20. fxe5 Bd7 21. Nf5 Bxf5 22. Qxf5 b6 23. b4 b5 24. Bh3 a4 25. Rf3
g6 26. Qc2 Bg5 27. Raf1 Qe7 28. Bc1 Bxc1 29. Qxc1 Kg7 30. Rf6 Qe8 31. Qf4 Ra7
32. e6 Re7 33. Rxf7+ Rexf7 34. exf7 Qd8 35. Qe5+ Kh6 36. Rf4 g5 37. Rf6+ 1-0

[Event "Floripa Chess Open 2024"]
[Site "Florianopolis"]
[Date "2024.01.28"]
[Round "10.150"]
[White "Nicacio, Daniel Ramos"]
[Black "Gorgen, Raphael Rebello Hor"]
[Result "0-1"]
[WhiteElo "1479"]
[BlackElo "1779"]
[PlyCount "50"]
[EventDate "2024.01.20"]
[EventRounds "10"]
[EventCountry "BRA"]

1. e4 c6 2. d3 d5 3. Nd2 dxe4 4. dxe4 c5 5. g3 Nc6 6. Bg2 Nf6 7. Ngf3 e5 8. O-O
Be7 9. b3 Be6 ({RR} 9... Qc7 10. Bb2 O-O 11. h3 Rd8 12. Qe2 Nd4 13. Nxd4 cxd4
14. Qd3 Be6 15. f4 exf4 16. gxf4 Rac8 17. Rac1 a6 18. e5 Nd5 19. f5 Nb4 20. Qg3
d3 21. fxe6 Qb6+ 22. Kh1 Qxe6 23. Bxb7 Rc7 24. Be4 {Korovina,Y (1553)-Putar,L 
(1328) Mamaia 2017 1-0 (31)}) 10. Bb2 Qc7 11. Qe2 Rd8 $146 ({RR} 11... Nd4 12.
Bxd4 cxd4 13. Qb5+ Nd7 14. Ne1 a6 15. Qe2 Rc8 16. f4 f6 17. f5 Bf7 18. Rc1 Ba3
19. Rd1 Qa5 20. Nb1 Bc5 21. Qd3 Qxa2 22. Kh1 Bb4 23. Rf2 Bh5 24. Bf3 Bf7 25.
Rg2 Qa5 26. Qf1 {Oliveira,A (2280)-Alexandre,J (2305) Lisbon 1994 1-0 (47)})
12. Ng5 Bg4 13. f3 Bc8 14. f4 exf4 15. Rxf4 Nd4 16. Bxd4 cxd4 17. e5 Qc5 18.
Kh1 Qc3 19. exf6 Qxa1+ 20. Rf1 Qxf1+ 21. Qxf1 Bxf6 22. Qb5+ Bd7 23. Qxb7 O-O
24. Qxa7 d3 25. cxd3 Rfe8 0-1

[Event "Floripa Chess Open 2024"]
[Site "Florianopolis"]
[Date "2024.01.28"]
[Round "10.152"]
[White "Pontes, Luiz Felizola Lima"]
[Black "Cunha E Silva, Carlos Alberto V."]
[Result "1-0"]
[WhiteElo "1430"]
[BlackElo "1984"]
[PlyCount "41"]
[EventDate "2024.01.20"]
[EventRounds "10"]
[EventCountry "BRA"]

1. e4 c5 2. Nf3 d6 3. d4 cxd4 4. Nxd4 Nf6 5. f3 e5 6. Nb3 Be6 7. c4 Be7 8. Nc3
a5 ({RR} 8... Nbd7 9. Be3 O-O 10. Be2 Rc8 11. Nd5 Bxd5 12. cxd5 Nb6 13. O-O
Nfd7 14. Na5 Rc7 15. Qd2 f5 16. exf5 Rxf5 17. Rac1 Rf8 18. Rxc7 Qxc7 19. Rc1
Qb8 20. Bd3 Kh8 21. Be4 Nf6 22. b4 Rc8 23. Rxc8+ {Oleksienko,M (2621)
-Areshchenko,A (2666) Al Ain 2014 1/2-1/2}) ({RR} 8... O-O 9. Be3 Nbd7 10. Be2
a6 11. O-O Re8 12. Nd2 Rc8 13. b4 Nb6 14. Nd5 Nfxd5 15. cxd5 Bd7 16. a4 f5 17.
a5 Na8 18. Rc1 Bg5 19. Bf2 Nc7 20. Bb6 Re7 21. Rc3 Be8 22. exf5 Qd7 23. Ne4 {
Singh,O (2278)-Przybylski,W (2321) chess.com INT 2021 0-1 (48)}) 9. Be3 Nbd7
$146 ({RR} 9... a4 10. Nd2 a3 11. b4 Nc6 12. Nd5 O-O 13. Bb6 Qd7 14. Nxe7+ Qxe7
15. b5 Nd4 16. Be2 Nh5 17. Bxd4 exd4 18. g3 Bh3 19. Nb3 f5 20. Qxd4 fxe4 21.
fxe4 Nf6 22. O-O-O Nxe4 23. Rhe1 Qg5+ 24. Kb1 {Van Vliet,J (2242)-Bitalzadeh,A
(2335) Schagen 2006 0-1 (32)}) ({RR} 9... a4 10. Nc1 Qa5 11. Qd2 O-O 12. Bd3
Rc8 13. Nd5 Qxd2+ 14. Bxd2 Bd8 15. Ne2 Na6 16. Nec3 Nxd5 17. cxd5 Nb4 18. Bb5
Nc2+ 19. Kf2 Nxa1 20. Rxa1 Bb6+ 21. Kg3 a3 22. dxe6 axb2 23. Rb1 fxe6 24. Bd7 {
Bukhteeva,V (2175)-Kazimova,N (2218) Fermo 2009 1-0 (55)}) ({RR} 9... a4 10.
Nd2 a3 11. b4 Nc6 12. Rb1 Nd7 13. Bd3 O-O 14. O-O Bg5 15. Bxg5 Qxg5 16. Kh1
Rfc8 17. Nb5 Nb6 18. Qe2 Na4 19. Rb3 Nb2 20. Bb1 Ra4 21. f4 exf4 22. Nf3 Bxc4
23. Qxc4 Nxc4 24. Nxg5 {Fedorov,A (2608)-Baramidze,D (2554) Kusadasi 2006 0-1})
10. Nd5 a4 11. Nd2 O-O 12. b4 axb3 13. Qxb3 Bxd5 14. cxd5 Rb8 15. Ba7 Nc5 16.
Bxc5 dxc5 17. Bb5 Nh5 18. Nc4 Bd6 19. g3 f5 20. exf5 Bc7 21. d6 1-0

[Event "Floripa Chess Open 2024"]
[Site "Florianopolis"]
[Date "2024.01.28"]
[Round "10.153"]
[White "Pessoa, Marcio De Souza"]
[Black "Gurski, Guilherme Rybu"]
[Result "1-0"]
[WhiteElo "1846"]
[BlackElo "1354"]
[PlyCount "99"]
[EventDate "2024.01.20"]
[EventRounds "10"]
[EventCountry "BRA"]

1. d4 Nf6 2. Bf4 g6 3. Nf3 Bg7 4. e3 O-O 5. c4 d6 6. Be2 c5 7. Nc3 cxd4 8. exd4
Nc6 9. h3 d5 10. O-O dxc4 ({RR} 10... Be6 11. c5 b6 12. Bb5 Bd7 13. Ne5 Nxe5
14. dxe5 Nh5 15. Bxd7 Qxd7 16. Bh2 Bh6 17. Qxd5 Rad8 18. Qxd7 Rxd7 19. cxb6
axb6 20. Rad1 Rfd8 21. Rxd7 Rxd7 22. Rd1 Rxd1+ 23. Nxd1 Nf4 24. Nc3 Nd3 25. Nd5
{Yanchenko,R (2467)-Espinosa Veloz,E (2485) chess.com INT 2021 1-0 (62)}) 11.
Bxc4 Na5 12. Be2 ({RR} 12. Bd3 Be6 13. Re1 Nc6 14. Bf1 Nd5 15. Bg5 Nb6 16. Be3
Bc4 17. Bxc4 Nxc4 18. Qe2 Nxe3 19. fxe3 Rc8 20. Rad1 a6 21. Qf2 Qa5 22. e4 b5
23. a3 b4 24. axb4 Qxb4 25. e5 Na5 26. Nd5 Qb7 {Laznicka,V (2651)-Ragger,M 
(2700) Germany 2017 1/2-1/2 (126)}) 12... Nd5 $146 ({RR} 12... Be6 13. Rc1 Rc8
14. Ne5 Nd5 15. Bd2 Nxc3 16. Bxc3 Nc6 17. Qa4 Bd5 18. Nxc6 Bxc6 19. Qxa7 e6 20.
Rfd1 Qg5 21. Bf1 Rcd8 22. a3 Rd5 23. a4 Qd8 24. a5 Bh6 25. Ra1 Bf4 26. Qb6 Bc7
27. Qb4 {Urday Caceres,H (2475)-Roselli Mailhe,B (2385) Buenos Aires 1998 1-0 
(47)}) 13. Bg3 Nxc3 14. bxc3 Be6 15. Qa4 Rc8 16. Qa3 a6 17. Rfe1 Re8 18. Ne5 f6
19. Ng4 Bxg4 20. Bxg4 Nc4 21. Qb3 f5 22. Bf3 b5 23. Bb7 Rb8 24. Bxb8 Qxb8 25.
Bd5+ Kf8 26. Bxc4 bxc4 27. Qxc4 Rc8 28. Rab1 Qa8 29. Qe6 Rc7 30. Rb3 Bf6 31.
Reb1 Rc8 32. Qxc8+ Qxc8 33. Rb8 Qxb8 34. Rxb8+ Kf7 35. Ra8 a5 36. Rxa5 Ke8 37.
Kf1 Kd7 38. Ke2 Kc6 39. Kd3 Kb6 40. Rd5 Kc6 41. c4 e6 42. Rc5+ Kd6 43. Rb5 Kc6
44. a4 Bd8 45. a5 Bxa5 46. Rxa5 Kb6 47. Re5 Ka6 48. Rxe6+ Ka5 49. c5 h5 50. Kc4
1-0

[Event "Floripa Chess Open 2024"]
[Site "Florianopolis"]
[Date "2024.01.28"]
[Round "10.154"]
[White "Do Prado, Hamilton Mesquita"]
[Black "Vaz, Pedro Henrique Lins"]
[Result "1-0"]
[WhiteElo "1673"]
[BlackElo "1359"]
[PlyCount "89"]
[EventDate "2024.01.20"]
[EventRounds "10"]
[EventCountry "BRA"]

1. d4 d5 2. Bf4 Nf6 3. e3 g6 4. Be2 ({RR} 4. c4 c5 5. dxc5 Nc6 6. Nf3 Be6 7.
Nc3 Qa5 8. Qb3 Bg7 9. Qxb7 O-O 10. Qxc6 Ne4 11. Nd4 Nxc3 12. a3 Rac8 13. Qb7
Na2+ 14. Kd1 Qa4+ 15. Ke1 Qa5+ 16. Ke2 Qxc5 17. Nxe6 fxe6 18. Qb3 dxc4 {
Fedoseev,V (2662)-Zvjaginsev,V (2642) Vladivostok 2014 0-1 (34)}) 4... Bg7 5.
Nd2 ({RR} 5. h4 h5 6. Nf3 c5 7. c3 Bg4 8. Nbd2 Nbd7 9. Ne5 Bxe2 10. Qxe2 O-O
11. Ndf3 Rc8 12. Nxd7 Nxd7 13. Rg1 cxd4 14. exd4 Re8 15. O-O-O Qa5 16. Kb1 Nf6
17. Ng5 Rc6 18. Rc1 e6 19. Be5 Ra6 {Do Prado,H (1675)-Do Nascimento,C (2033)
Sao Paulo BRA 2019 0-1 (35)}) 5... O-O 6. g4 Ne4 $146 ({RR} 6... c5 7. g5 Nfd7
8. c3 e5 9. dxe5 Nxe5 10. Ngf3 Nbc6 11. Nxe5 Nxe5 12. Nf3 Nxf3+ 13. Bxf3 d4 14.
cxd4 cxd4 15. O-O Re8 16. Qb3 Re7 17. Rfd1 Be6 18. Qb4 Rc8 19. Bxb7 Rc2 20. Be4
Rc4 21. Qb5 {Elzinger,W (1951)-Gehlert,K (2043) Bayern 2004 1-0}) ({RR} 6... c5
7. c3 Nc6 8. h4 Nd7 9. Nb3 cxd4 10. cxd4 e5 11. dxe5 Ndxe5 12. h5 Nc4 13. Qc2
Nb4 14. Qd1 Bxb2 15. Kf1 Nc6 16. Rb1 Be5 17. Nh3 Be6 18. Nc5 Qa5 19. Nxe6 fxe6
20. Rxb7 Rab8 21. Rxb8 {Mehandzic,G (2120)-Stojkovic,M (2229) Banja Junakovic
2009 1/2-1/2}) ({RR} 6... c5 7. g5 Nfd7 8. c3 Nc6 9. Ngf3 e5 10. dxe5 Ndxe5 11.
Nb3 b6 12. Qd2 Be6 13. h4 a5 14. Rd1 Qd7 15. Bxe5 Nxe5 16. Nxe5 Bxe5 17. e4
Rad8 18. f4 Bc7 19. e5 a4 20. Nc1 b5 21. Bf3 {Bonnez,F-Pedersen,B Aarhus 1992
0-1 (40)}) 7. h4 h6 8. f3 Nxd2 9. Qxd2 Nc6 10. Bd3 e5 11. dxe5 Nxe5 12. c3 c5
13. Bxe5 Bxe5 14. Ne2 Bg7 15. O-O-O b6 16. Kb1 Bb7 17. h5 g5 18. Rhf1 Qd7 19.
Ng3 a5 20. Nf5 a4 21. Nxg7 Kxg7 22. Bf5 Qd6 23. c4 Ba6 24. Qc3+ Qf6 25. Qxf6+
Kxf6 26. Rxd5 Rfd8 27. Rfd1 Rxd5 28. Rxd5 Kg7 29. b3 axb3 30. axb3 Bb7 31. Rd6
Rb8 32. e4 Ba8 33. Kb2 b5 34. cxb5 Rxb5 35. Kc3 Rb4 36. Rd8 Bb7 37. Rd7 Rb6 38.
Rc7 Ba8 39. Rxc5 Rc6 40. Rxc6 Bxc6 41. Kc4 f6 42. Kc5 Ba8 43. Bc8 Kf7 44. Kb6
Ke7 45. Bb7 1-0